Normal view
MARC view
Entry Topical Term
001 - CONTROL NUMBER
- control field: 60095
003 - CONTROL NUMBER IDENTIFIER
- control field: OSt
005 - DATE AND TIME OF LATEST TRANSACTION
- control field: 20260413144952.0
008 - FIXED-LENGTH DATA ELEMENTS
- fixed length control field: 260413|| aca||aabn | a|a d
040 ## - CATALOGING SOURCE
- Original cataloging agency: OSt
- Transcribing agency: OSt
150 ## - HEADING--TOPICAL TERM
- Topical term or geographic name entry element: Institutional quality, Infrastructure development, Economic growth, Developing Economies
670 ## - SOURCE DATA FOUND
- Source citation: Work cat.: (OSt): Edo, Samson and Oigiangbe, Osaro 60094, Public institutions and infrastructure: The interactive effect on economic growth in sub-Saharan Africa
